00662cam a22002052a 450000100060000000300080000600500170001400800410003103500190007204000370009104100080012808200220013610000340015824500570019226000430024930000530029250400200034560000410036565100500040624898BD-RjUL20211209001119.0140315t1926 enk 001 0beng d a(BD-RjUL)24967 aDLCcXFMdOCLdEQOdBD-RjULbeng aeng04a942.062bDRM 19261 aDrinkwater, John,d1882-1937.10aMr. Charles :bking of England /cby John Drinkwater aLondon :bHodder and Stoughton,c1926, axi, 292 p. :bfront., ports., facsims. ;c23 cm. aincludes index.00aCharlescKing of England,d1630-1685 0aGreat BritainxHistoryyCharles II, 1660-1685